000 00994nam0a22002531 4500
001 rc\406741
005 20260407101824.0
035 _a(NLR Aleph) 005655088
090 _a6813143
_c6813143
100 _a20030616d1987 |||y0rusy50 ca
101 0 _arus
102 _aRU
105 _aa |||||||||
200 1 _aАвтоматизация и релейная защита в энергосистемах
_eСб. науч. тр.
_fАН УССР, Ин-т электродинамики
_g[Редкол.: Б.С. Стогний (отв. ред.) и др.]
210 _aКиев
_cНаукова думка
_d1987
215 _a120, [1] с.
_cил.
_d21
320 _aБиблиогр. в конце ст.
702 1 _aСтогний
_bБ.С.
_gБорис Сергеевич
_4340
712 0 2 _aИнститут электродинамики
_cКиев
_3RU\NLR\AUTH\889929386
_9354273
801 0 _aRU
_bNLR
_gpsbo
801 1 _aRU
_bELAR
_2rusmarc
852 _aNLR
_j87-3/14197
942 _cBOOK
980 _aNB